Проблема соотнесённости грамматических конструкций и графического облика слов при переводе научных статей с японского языка; Ч. 1

Bibliografiske detaljer
Parent link:Ч. 1.— 2005.— С. 101-105.
Hovedforfatter: Павленко М. А.
Andre forfattere: Кон-Сю Ю.
Sprog:russisk
Udgivet: 2005
Fag:
Format: Book Chapter
KOHA link:https://koha.lib.tpu.ru/cgi-bin/koha/opac-detail.pl?biblionumber=96639

MARC

LEADER 00000naa2a2200000 4500
001 96639
005 20231031110626.0
035 |a (RuTPU)RU\TPU\book\103471 
090 |a 96639 
100 |a 20060517d2005 k y0rusy50 ca 
101 0 |a rus 
102 |a RU 
200 1 |a Проблема соотнесённости грамматических конструкций и графического облика слов при переводе научных статей с японского языка  |f М. А. Павленко, Ю. Кон-Сю 
320 |a Библиогр.: 2 назв. 
463 0 |0 (RuTPU)RU\TPU\book\96152  |t Ч. 1  |v С. 101-105.  |d 2005  |p 312 с. 
610 1 |a перевод 
610 1 |a научная лексика 
610 1 |a грамматические конструкции 
610 1 |a графические облики 
610 1 |a слова 
610 1 |a японский язык 
610 1 |a термины 
610 1 |a заимствования 
610 1 |a труды учёных ТПУ 
700 1 |a Павленко  |b М. А. 
701 1 |a Кон-Сю  |b Ю. 
801 1 |a RU  |b 63413507  |c 20060517  |g PSBO 
942 |c BK